| 000 | 00757cam a2200253 4500 | ||
|---|---|---|---|
| 001 | ABS62046 | ||
| 008 | 000000n2000 000 0 eng u | ||
| 035 | _a(Sirsi) u104826 | ||
| 245 | _aSpecial report 2000: Europe | ||
| 260 | _c2000 | ||
| 490 |
_aEstates Gazette _v0010 11 March 2000, 105-115(10) |
||
| 520 | _aReports on both the effects on the distribution industry caused by e-commerce, and a European office network. | ||
| 590 | _aABS | ||
| 650 | _aE-COMMERCE | ||
| 650 | _aDISTRIBUTION INDUSTRY | ||
| 650 | _aEUROPE | ||
| 650 | _aNETHERLANDS | ||
| 650 | _aOFFICE NETWORK | ||
| 650 | _aPRAGUE | ||
| 650 | _aSCANDINAVIA | ||
| 650 | _aSURVEYING FIRMS | ||
| 690 | _aPROPERTY-COMMERCIAL PROPERTY-COMMERCIAL PROPERTY MARKET | ||
| 942 | _n0 | ||
| 999 |
_c62882 _d62882 |
||